Statistics for Top 15 Countries with Covid-19 Cases - 26 December

Click here to take the quiz!

General Stats

  • This quiz has been taken 17 times
  • The average score is 15 of 28

Answer Stats

country% Correct
India
94%
United States
94%
France
82%
United Kingdom
82%
Brazil
76%
Russia
76%
Germany
71%
Iran
71%
Italy
71%
Mexico
71%
Argentina
65%
Colombia
65%
Spain
65%
Belgium
53%
Netherlands
53%
Poland
47%
Bahrain
35%
Israel
35%
Qatar
35%
Turkey
35%
Czechia
29%
Panama
29%
Switzerland
29%
Armenia
24%
Slovenia
24%
Croatia
18%
Georgia
18%
Lithuania
6%

Score Distribution

Percentile by Number Answered

Percent of People with Each Score

Your Score History

You have not taken this quiz